000 00710nam a22001337a 4500
040 _cRUA
082 _aLMA SOT 2024 B1-398 Or.1
100 _aSOTH CHHONGROZA សុទ្ធ ឆុងរ៉ូហ្សា
245 _aSTUDY ON STUDENT PRECEPTION TO ESTISTABLISH UNIVERSITY MASTER PLAN ​ ការសិក្សាពីទស្សនៈនិស្សិត អំពីការកសាងប្លង់គោលអភិវឌ្ឍន៍សាកលវិទ្យាល័យ ភូមិន្ទកសិកម្ម
260 _aRUA
_bPHNOM PENH
_c2024
300 _axi
_bill
_c29cm
856 _uhttps://drive.google.com/file/d/1xrJ0poSQsScltiGcJ2U93uxaZ9k5bEVH/view?usp=sharing
942 _cLMA
999 _c24924
_d24924